000 00708nam a2200289Ia 4500
005 20260324130527.0
008 008 260324s9999 xx 000 0 eng d
020 _a9781315497457
037 _aEBOOK
040 _aCRL
040 _beng
040 _cCRL
041 _2eng
041 _aeng
084 _qCRL
100 _aMichael Sherraden; Amanda Moore McBride; Michael Sherraden
_91182124
245 0 _aCivic Service Worldwide
245 0 _bImpacts and Inquiry
260 _bTaylor and Francis
260 _c2007
365 _a
365 _b62.99
856 _uhttp://www.taylorfrancis.com/books/9781315497457
942 _cEBOOK
999 _c1778354
_d1778354